000 00639nam a2200181Ia 4500
003 GCL
008 140319s9999 xx 000 0 ara d
040 _aGCL /
_cGCL
082 0 4 _a245
_bش م
100 1 _aالشهرستانى: ابوالفتح محمد بن عبدالكريم بن احمد
245 1 0 _aالملل والنحل /
_cالشهرستانى: ابوالفتح محمد بن عبدالكريم بن احمد
700 1 _aمحمد سيد كيلانى (تحقيق)
260 _a[S.N] :
_bدار صعب ،
_c1986
490 _a
650 0 4 _aالاسلام
650 0 4 _aالديانات القديمة
942 _2ddc
_cBK
999 _c36240
_d36240